| 000 | 00502nam a2200181Ia 4500 | ||
|---|---|---|---|
| 005 | 20250326142651.0 | ||
| 008 | 250326s9999 xx 000 0 und d | ||
| 037 | _aTextbook | ||
| 040 |
_aFMSL _beng _cFMSL |
||
| 041 |
_aeng _2eng |
||
| 084 |
_aV216:8 L2 _qFMSL |
||
| 100 | _aBhattacharya M | ||
| 245 | 0 |
_aState Municipal relations: functional analysis _cBhattacharya M |
|
| 260 |
_aIndia _bIndia, IIPA _c1972 |
||
| 300 | _a61p | ||
| 942 |
_cTB _hV216:8 L2 |
||
| 999 |
_c1296095 _d1296095 |
||